| 000 | 00415nam a2200157 a 4500 | ||
|---|---|---|---|
| 005 | 20140412111242.0 | ||
| 008 | 010727s19uu xx 00 eng d | ||
| 050 |
_aTR(GS 030 _bGu94 1992 |
||
| 245 | _aGuide for parents and teacher. | ||
| 260 |
_aUK : _bWorld Book International, _c1992. |
||
| 300 | _a47p. ; ill. | ||
| 440 | _aEarly World of Learning | ||
| 650 | _aHandbook | ||
| 999 |
_c102764 _d102764 |
||